00773nam a2200241 a 4500001001000000003000900010005001700019007000300036008004100039040002500080082001600105100004000121245007000161260004100231300002000272490002400292590002700316830002800343910001400371942001300385952011600398999001700514000033604DO-SdBNP20220805113849.0ta110901s19uu dr r 000 0 spa d aDO-SdBNPbspacBNPHU axxxxbM433g aMatos, Esthervina939382d1913-199910aEl genio de Beethoven y su música inmortal /cEsthervina Matos. aSanto Domingo :bMontalvo,c[19--?]. a32 p. ;c22 cm.1 aRutas estéticas ; aInventariado, 2018/ YL 0aRuta Estéticas959087 aYLockward 2ddccLF2 00102ddc51708F- GR-RVaBNPHUbBNPHUcHDd2011-09-01iLF1oxxxx M433gp33604-10r2020-06-25w2020-06-25yLF2 c33095d33095